| 000 | 00855nam a2200229 a 4500 | ||
|---|---|---|---|
| 001 | 000035370 | ||
| 005 | 20250714091949.0 | ||
| 008 | 111028s1970 sp 000 0 spa d | ||
| 040 |
_aDO-SdBNP _bspa _cBNPHU |
||
| 082 |
_a335.411 _bA662m, 1970 |
||
| 100 | 1 |
_aAranguren, José Luis L., _d1909-1996 _949974 |
|
| 245 | 1 | 3 |
_aEl marxismo como moral / _cJosé Luis L. Aranguren. |
| 250 | _a3a. ed. | ||
| 260 |
_aMadrid : _bAlianza Editorial, _c1970. |
||
| 490 | 0 |
_aEl libro de bolsillo. Sección humanidades ; _v101 |
|
| 504 | _aIncluye referencias bibliográficas y notas p. (181-188) | ||
| 590 | _aPerteneció a la biblioteca personal de Juan Isidro Jimenes Grullón. | ||
| 650 | 4 |
_aÉtica comunista _95959 |
|
| 650 | 0 |
_aSocialismo _9287 |
|
| 830 | 3 |
_aEl libro de bolsillo. _pSección humanidades ; _n101 _961177 |
|
| 910 | _aValidado. Control de calidad MFF | ||
| 999 |
_c34861 _d34861 |
||